| 000 | 00567nam a2200193 4500 | ||
|---|---|---|---|
| 008 | b xx# eng u | ||
| 040 | _aLB-BrCRDP | ||
| 082 | _a373/H746s | ||
| 100 | 1 | _aHolly, Douglas | |
| 130 | 1 | _lEN | |
| 245 | 1 | 0 |
_asociety, schools and humanity _bthe changing world of secondary education _cDougla Holly |
| 260 |
_aLondon _bMacGibbon & Kee _cc1971 |
||
| 300 |
_a158p. ; _c22cm |
||
| 490 | 0 | _aSociology | |
| 500 | _aBibliography and index at the end | ||
| 650 |
_aEducation _xSecondary |
||
| 942 | _cBK | ||
| 999 |
_c13755 _d13755 |
||